000 00465nam a22001697a 4500
005 20260618134734.0
020 _a9788198758255
041 _aEnglish
082 _aT16 R25 STE
100 _aStephen Jeyaseela
245 _aAangileya Mattrum French Kaalaniya Thamizhathil Ozhippadakkalai Arimugamum Ozhippadath Thoguppugalum Samuga Thaakkamum, 1852-1899
250 _a01
260 _aChennai
_bNCBH
_c2025
300 _a156
365 _b150.00
942 _cBK
999 _c177923
_d177923